000 00782 a2200193 4500
003 NUST
005 20251113181703.0
040 _cNust
082 _a621.382,MAN
100 _aMansoor, NC Waqas (TCC-14)
_9131901
245 _aTo Design, simulate and implement a communication system based of multi carrier CDMA /
_cNC Waqas Mansoor, NC Nadir Salman, NC Ammar Raza and NC Fahad Iqbal
260 _aRawalpindi
_bMCS (NUST)
_c2006
300 _a90 p.;
505 _aIntroduction (Page-1), Orthogonal Frequency Division Multiplexing (Page-21), Code Division Multiple Access (Page-43), Muti Carrier CDMA (Page-69), Conclusion (Page-97).
650 _aUG Projects
_998716
651 _aTCC-17B
_9131348
700 _asUPERVISED BY GP Capt (R) Muzaffar Ali
_9131863
942 _2ddc
_cPR
999 _c183532
_d183532